000 00718nam a2200205Ii 4500
003 JO-AjNU
008 230605s9999||||xx |||||||||||||| ||und||
040 _aJO-AjNU
_bara
_erda
_cJO-AjNU
041 _aara
050 1 4 _aK1705.4.A2238.1987
100 3 _a عبد الرحمن ، حمدي م.مشارك مطر، محمد يحيى ,
_eauthor
_946818
245 0 0 _aقانون العمل
250 _a(د،ط)
264 3 1 _aالاسكندرية : الدار الجاامعية ، 1987
300 _a254ص
336 _atext
_btxt
_2rdacontent
337 _aunmediated
_bn
_2rdamedia
338 _avolume
_bnc
_2rdacarrier
650 4 _aعمل وعمال -- قوانين وتشريعات -- مصر -- بنان
_946819
999 _aA20395
_c23963
_d23963